Celebrity jako odrůda značek

Osobnosti verejného života - športovci, odborníci, politici, prominenti zábavného priemyslu ako špecifická odroda značiek. Celebrity v úlohe spoločenských vzorov. Historický pohľad na uctievanie vzorov. Celebrity predmetom obchodných záujmov. Cieľová skupina celebrít. Médiá reflektujúce dopyt po ido...

Ausführliche Beschreibung

Gespeichert in:
Bibliographische Detailangaben
Format: Buchkapitel
Sprache:Tschechisch
Schlagworte:
Tags: Tag hinzufügen
Keine Tags, Fügen Sie das erste Tag hinzu!

MARC

LEADER 00000naa$a2200000$$$4500
001 0020251
005 20231018124110.3
041 0 |a cze 
044 |a CZ 
245 1 0 |a Celebrity jako odrůda značek 
520 |a Osobnosti verejného života - športovci, odborníci, politici, prominenti zábavného priemyslu ako špecifická odroda značiek. Celebrity v úlohe spoločenských vzorov. Historický pohľad na uctievanie vzorov. Celebrity predmetom obchodných záujmov. Cieľová skupina celebrít. Médiá reflektujúce dopyt po idoloch.Celebrity - klasický značkový produkt pre producentov zábavného priemyslu. 
610 2 0 |a reklama 
610 2 0 |a propagácia 
610 2 0 |a marketing strategický 
610 2 0 |a značky kvality 
610 2 0 |a médiá 
610 2 0 |a osobnosť